| 000 | 00543cam a2200217 4500 | ||
|---|---|---|---|
| 001 | 4552158 | ||
| 005 | 20180207041538.0 | ||
| 008 | 730803s1973 paua b 001 0 eng | ||
| 010 | _a 72079352 | ||
| 020 | _a0812104056 | ||
| 040 |
_aDLC _cDLC _dDLC |
||
| 041 | _aeng | ||
| 080 | _a616.8 mer | ||
| 082 | 0 | 0 | _a616.8 mer |
| 100 | 1 | _a8 | |
| 101 | _aneu | ||
| 245 | 1 | 2 |
_aA textbook of neurology _c[by] H. Houston Merritt. |
| 504 | _aIncludes bibliographies. | ||
| 906 |
_a7 _bcbc _corignew _d2 _eopcn _f19 _gy-gencatlg |
||
| 942 |
_2ddc _cBK |
||
| 999 |
_c41983 _d41983 |
||